歴代日本人メジャーリーガー - Statistics

General Stats
  • This quiz has been taken 298 times
  • The average score is 44 of 73
Answer Stats
移籍年 選手名 移籍前所属球団 通算成績 備考 % Correct
2018 大谷翔平 日本ハム 86試合 38勝19敗 防御率3.01860試合 878安打 打率.282 MLB史上初となる50‐50を達成
94%
2003 松井秀喜 巨人 1236試合 1253安打 打率.282 アジア人初のワールドシリーズMVP
93%
2004 松井稼頭央 中日 630試合 615安打 打率.267 MLB開幕戦新人初球初打席初本塁打(史上初)
93%
2024 山本由伸 オリックス 18試合 7勝2敗 防御率3.00 MLBの投手では史上最高額の契約を結んだ
93%
2024 松井裕樹 楽天 64試合 4勝2敗9H 防御率3.73 史上最年少での通算200セーブ達成
93%
1995 野茂英雄 近鉄 323試合 123勝109敗 防御率4.24 日本人メジャーリーガーのパイオニア
90%
2022 鈴木誠也 広島 381試合 396試合 打率.278 日本人右打者としては初の20本塁打を達成
90%
2001 イチロー オリックス 2653試合 3089安打 打率.311 MLBシーズン最多安打記録保持者
88%
2023 吉田正尚 オリックス 248試合 261安打 打率.285 メジャー1年目から打率TOP10入り
88%
2024 今永昇太 横浜 29試合 15勝3敗 防御率2.91 継投でのノーノ―も記録
86%
2013 田中賢介 日本ハム 15試合 8安打 打率.267 リーグ最多記録となる58犠打
84%
2014 田中将大 楽天 174試合 78勝46敗 防御率3.74 NPBとMLBに跨っての10年連続2桁勝利
84%
2023 藤浪晋太郎 阪神 64試合 7勝8敗2S 防御率7.18 異名は火炎放射器
84%
2024 上沢直之 日本ハム 2試合 0勝0敗 防御率2.25 契約当初はマイナー契約
84%
2012 ダルビッシュ有 日本ハム 282試合 110勝88敗 防御率3.58 日米通算200勝を達成
83%
2023 千賀滉大 ソフトバンク 30試合 13勝7敗 防御率2.99 新人でリーグ2位の防御率、奪三振を記録
83%
2000 佐々木主浩 横浜 228試合 7勝16敗129S 防御率3.14 アジア人史上二人目の新人王
80%
2020 筒香嘉智 横浜 182試合 110安打 防御率.197 初安打がホームラン
80%
2021 有原航平 日本ハム 15試合 3勝7敗 防御率7.57 NPBでは新人王を経験
80%
2020 秋山翔吾 西武 142試合 71安打 打率.274 NPBシーズン安打記録保持者
79%
2008 黒田博樹 広島 212試合 79勝79敗 防御率3.45 日本人史上3人目の開幕投手を務めた
76%
2016 前田健太 広島 219試合 68勝56敗10H6S 防御率4.17 新人での勝利数は歴代1位
76%
2019 菊池雄星 西武 166試合 41勝47敗2S 防御率4.57 初勝利でマダックスを達成
75%
2012 青木宣親 ヤクルト 759試合 774安打 打率.285 メジャーで投手初登板
74%
2006 城島健司 ソフトバンク 462試合 431安打 打率.268 MLB史上初の日本人捕手
72%
2012 川崎宗則 ソフトバンク 276試合 150安打 打率.237 イチローを追ってメジャーへ
72%
2012 岩隈久志 楽天 150試合 63勝39敗2S 防御率3.42 アジア人として2人目となるノーヒットノーランを達成
71%
2007 松坂大輔 西武 158試合 56勝43敗3H1S 防御率4.45 日本人初のポストシーズン勝利投手
70%
2009 上原浩治 巨人 436試合 22勝26敗81H95S 防御率2.66 日本人初のワールドシリーズ胴上げ投手
70%
2012 和田毅 ソフトバンク 21試合 5勝5敗 防御率3.36 最後の松坂世代
70%
2013 藤川球児 阪神 29試合 1勝1敗1H2S 防御率5.74 ストレートが特徴的
67%
2021 澤村拓一 ロッテ 104試合 6勝2敗13H 防御率3.39 チームのポストシーズン進出に貢献
66%
2020 山口俊 巨人 17試合 2勝4敗1H 防御率8.06 FAで移籍した選手がポスティング移籍するのは史上初
65%
2018 平野佳寿 オリックス 150試合 9勝9敗48H8S 防御率3.69 26登板試合連続で無失点を記録
63%
2007 井川慶 阪神 16試合 2勝4敗 防御率6.66 ニューヨーク・ナイトメアと称された
62%
2008 福留孝介 中日 596試合 498安打 打率.258 ファン投票でオールスターにも選出
61%
2005 井口資仁 ダイエー 493試合 494安打 打率.268 日本人で初めて実際に出場してリングを獲得した
60%
2005 中村紀洋 近鉄 17試合 5安打 打率.128 日本シリーズMVP経験者
60%
1964 村上雅則 南海 54試合 5勝1敗9S 防御率3.43 アジア人初のメジャーリーガー
59%
2001 新庄剛志 阪神 303試合 215安打 打率.245 日本人選手初のワールドシリーズ出場
58%
2011 西岡剛 ロッテ 71試合 50安打 打率.267 スイッチヒッターとしてのシーズン最多安打記録保持者
57%
2006 斎藤隆 横浜 338試合 21勝15敗39H84S 防御率2.34 日本人メジャー投手初となる40歳代での勝利
55%
2022 加藤豪将 8試合 1安打 打率.143 アメリカとの二重国籍を保有
55%
2002 田口壮 オリックス 672試合 382安打 打率.279 ワールドシリーズ優勝が決まった瞬間フィールドに立っていた初の日本人選手
51%
2007 桑田真澄 巨人 19試合 0勝1敗3H 防御率9.43 39歳70日でのメジャーデビュー
51%
2008 小林雅英 ロッテ 67試合 4勝5敗2H6S 防御率5.10 異名は幕張の防波堤
51%
2007 岩村明憲 ヤクルト 408試合 413安打 打率.267 球団史上初の地区優勝に貢献
49%
2010 五十嵐亮太 ヤクルト 83試合 5勝2敗4H 防御率6.41 ヤンキースで習得したナックルカーブが特徴的
49%
1996 マック鈴木 117試合 16勝31敗5S 防御率5.72 NPBを介さずにMLBでプレーした初の選手
48%
2004 高津臣吾 ヤクルト 99試合 8勝6敗8H27S 防御率3.38 4つの国の野球リーグを経験した初の日本人選手
48%
2009 川上憲伸 中日 50試合 8勝22敗1S 防御率4.32 日本人メジャー投手として初めて代打で起用される
48%
2009 田澤純一 388試合 21勝26敗89H4S 防御率4.12 日本球界入りを拒否しメジャーリーグに挑戦
48%
2018 牧田和久 西武 27試合 0勝1敗2H 防御率5.40 高校時代はスイッチヒッター
48%
2002 石井一久 ヤクルト 105試合 39勝34敗 防御率4.44 与四球数メジャー1位を記録した
44%
2009 高橋健 広島 28試合 0勝1敗 防御率2.96 40歳でのメジャーデビューはメジャー史上3位
44%
2010 高橋尚成 巨人 168試合 14勝12敗13H10S 防御率3.99 新人での2桁勝利は日本人史上4人目
44%
1997 伊良部秀輝 ロッテ 126試合 34勝35敗2H16S 防御率5.15 アジア人で初めてチャンピオンリングを獲得
43%
1998 吉井理人 ヤクルト 162試合 32勝47敗1H 防御率4.62 NPB史上初のFA権行使によるメジャー移籍
43%
1999 大家友和 横浜 202試合 51勝68敗1H 防御率4.26 日本人選手で2人目のMLB在籍10年選手
40%
1997 長谷川滋利 オリックス 517試合 45勝44敗83H33S 防御率3.70 通算登板試合数は日本人最多
39%
2004 多田野数人 15試合 1勝1敗2H 防御率4.47 史上初の日本人投手による初打席安打
37%
2007 岡島秀樹 日本ハム 266試合 17勝8敗84H6S 防御率3.09 日本人メジャーリーガーの投手として初めてワールドシリーズに登板
36%
2015 村田透 巨人 1試合 0勝1敗 防御率8.10 戦力外からメジャーへ
31%
2011 建山義紀 日本ハム 53試合 3勝0敗4H1S 防御率5.75 日本ハムの生え抜きでは初のメジャーリーガー
28%
2005 藪恵壹 阪神 100試合 7勝6敗10H1S 防御率4.00 逆指名でNPB球団へ入った選手が、FA権を行使したうえで他球団へ移籍したのは初
25%
2008 薮田安彦 ロッテ 43試合 2勝4敗 防御率7.14 上記の選手と勝利の方程式を築いた
25%
2004 大塚昌則 西武 236試合 13勝15敗74H39S 防御率2.44 日本人選手としてシーズン最多となる73試合に登板
24%
2008 福盛和男 楽天 4試合 0勝0敗 防御率20.25 楽天球団最初のメジャーリーグ移籍選手
24%
2002 小宮山悟 横浜 25試合 0勝3敗 防御率5.61 和製マダックスと称された
22%
1999 木田優夫 オリックス 65試合 1勝1敗4H1S 防御率5.83 2000年に一度NPB復帰(オリックス)
21%
2002 野村貴仁 巨人 21試合 0勝0敗2H 防御率8.56 日本人で初めて入団テストを経てMLBに移籍
21%
2003 マイケル中村 31試合 0勝3敗3H1S 防御率7.51 オーストラリアとの二重国籍を保有
21%
1997 柏田貴史 巨人 35試合 3勝1敗 防御率4.31 セ・リーグ球団出身初の日本人メジャーリーガー
15%
No matching quizzes found
Score Distribution
Percent of People with Each Score
Percentile by Number Answered
Your Score History
You have not taken this quiz